Nesmrteľnosť rozprávky

Bibliographic Details
Main Author: Habovštiak, Anton, 1924-2004 (Author)
Format: Article
Language:Slovak
Subjects:

MARC

LEADER 00000nab a2200000 a 4500
001 vtls000473645
003 SK-MaSNL
005 20260304030004.0
008 250310c1992 xo 0 slo
015 |a SNBRB19rr/mm-uuuuu 
035 |a CL0473779 
035 |a urn:nbn:sk:snk-abf203 
035 |a (urnnbn)urn:nbn:sk:snk:ar-005mmt 
035 |a (uuid)f93d766a-dd58-4693-9e11-736cb1a60481 
040 |a SNKBUCL  |b slo  |c SNKBUCL  |e AACR2 
041 0 |a slo 
044 |a xo  |c SK 
080 |a 82.0:82-1/-9  |2 1981 
100 1 |a Habovštiak, Anton,  |d 1924-2004  |4 aut  |9 92747 
245 1 0 |a Nesmrteľnosť rozprávky  |c Anton Habovštiak 
650 0 7 |a rozprávka  |2 snkbucl  |9 545665 
655 7 |a články z novín a časopisov  |2 snkbucl  |9 267496 
655 7 |a články z odboru literárna veda a krásna literatúra  |2 snkbucl  |9 770045 
773 0 |t Zlatý máj  |g Roč. 36, č. 6 (1992), s. 346-377 
850 |a Slovenská národná knižnica v Martine  |a MTA001 
852 |a SNK  |b KIS3GCP 
958 |a OND 
958 |a RK 
958 |a LX 
958 |a article27 
992 |a RBX 
999 |c 2631005  |d 2632935